Statistics for NBA Best Players in each position in their Draft Class

Click here to take the quiz!

General Stats

  • This quiz has been taken 72 times
  • The average score is 66 of 145

Answer Stats

Player% Correct
Lebron James
89%
Dwayne Wade
85%
Allen Iverson
83%
Kobe Bryant
81%
Shaquille O'Neal
81%
Carmelo Anthony
78%
Stephen Curry
78%
Trae Young
78%
Chris Paul
74%
Dwight Howard
74%
Juwan Howard
74%
Tim Duncan
74%
Karl-Anthony Towns
72%
James Harden
70%
Kevin Durant
70%
Luka Doncic
70%
Russell Westbrook
70%
Anthony Davis
69%
Chris Bosh
69%
Kawhi Leonard
69%
Kevin Garnett
69%
John Wall
67%
Kyrie Irving
67%
Marc Gasol
67%
Pau Gasol
67%
Ray Allen
67%
Blake Griffin
65%
DeAndre Jordan
65%
Jaren Jackson Jr.
65%
Jayson Tatum
65%
Jimmy Jackson
65%
Tracy McGrady
65%
Ben Simmons
63%
Deandre Ayton
63%
Dirk Nowitzki
63%
Joel Embiid
63%
Klay Thompson
63%
LaMarcus Aldridge
63%
Mo Williams
63%
Vince Carter
63%
Yao Ming
63%
Damian Lillard
61%
Paul George
61%
Andrew Wiggins
59%
Caron Butler
59%
Chris Webber
59%
Giannis Antetokounmpo
59%
Jermaine O'Neal
59%
Joe Johnson
59%
Larry Johnson
59%
Paul Pierce
59%
De'Aaron Fox
57%
Jason Kidd
57%
Kyle Lowry
57%
Donovan Mitchell
56%
Nikola Jokic
56%
Amar'e Stoudemire
54%
Antonio Davis
54%
Baron Davis
54%
Damon Stoudamire
54%
DeMarcus Cousins
54%
Devin Booker
54%
Monta Ellis
54%
Kevin Love
52%
Steve Smith
52%
Al Horford
50%
Brandon Ingram
50%
C.J. McCollum
50%
Demar Derozan
50%
Gary Payton
50%
Rudy Gobert
50%
Victor Oladipo
50%
Andre Drummond
48%
Bradley Beal
48%
Grant Hill
48%
Kristaps Porzingis
48%
Penny Hardaway
48%
Ben Wallace
46%
Chauncey Billups
44%
Gerald Wallace
44%
Gordon Hayward
44%
Kenyon Martin
44%
Mike Conley
44%
Rasheed Wallace
44%
Tim Thomas
44%
Alonzo Mourning
43%
D'Angelo Russell
43%
Kevin Martin
41%
Ron Artest
41%
Andre Iguodala
39%
Eltron Brand
39%
Jamal Murray
39%
Shawn Marion
39%
Al Jefferson
37%
Eddie Jones
37%
Michael Redd
37%
Pascal Siakam
37%
Rondae Hollis-Jefferson
37%
Dikembe Mutombo
35%
Gilbert Arenas
35%
Khris Middleton
35%
Mike Bibby
33%
Richard Hamilton
33%
Zach LaVine
33%
Domantas Sabonis
31%
Kyle Kuzma
31%
Latrell Sprewell
31%
Zach Randolph
31%
Goran Dragic
30%
Jamal Crawford
30%
Nikola Vucevic
30%
Otto Porter
30%
Paul Millsap
30%
Derrick Coleman
28%
Antawn Jamison
26%
David Lee
26%
J.J. Redick
26%
John Collins
26%
Derrick Favors
24%
Hedo Turkoglu
22%
Jameer Nelson
22%
Marcin Gortat
22%
Rudy Gay
22%
Danilo Gallinari
20%
Danny Granger
19%
Jamal Mashburn
19%
Jerry Stackhouse
19%
Michael Finley
19%
Vin Baker
19%
Allan Houston
17%
Keith Van Horn
15%
Jamaal Magloire
11%
Nikola Mirotic
11%
Spencer Dinwiddie
11%
Kendall Gill
9%
Kevin Knox
9%
Terell Brandon
9%
Cedric Ceballos
7%
David Wesley
6%
Marco Belinelli
6%
Donyell Marshall
4%
John Salmons
4%
Aron Baynes
2%
Billy Owens
2%
Juan Dixon
2%

Score Distribution

Percentile by Number Answered

Percent of People with Each Score

Your Score History

You have not taken this quiz